Estatísticas para Marcas que começam com K

Clique aqui para jogar o quiz

Estatísticas Gerais

  • Esse quiz foi jogado 10 vezes
  • A pontuação média é 3 de 37

Estatísticas das Respostas

HintResposta% Correto
11.Kawasaki
50%
15.KFC
38%
27.Knorr
38%
28.Kodak
38%
16.Kia Motors
25%
22.Kit-Kat
25%
4.Kappa
13%
1.Kellogg's
13%
12.Kendall
13%
14.Kenwood
13%
19.Kimberly-Clark
13%
20.Kinder
13%
18.Kipling
13%
3.K-P
13%
8.Kärcher
0%
6.Karo
0%
7.Kate Spade New York
0%
9.Keds
0%
10.Kelme
0%
13.Kenzo
0%
2.Kérastase
0%
17.Kiehl’s
0%
21.Kisses
0%
23.Kitchen Aid
0%
26.Kleenex
0%
24.KLM
0%
25.Kmart
0%
29.Kölnisch Wasser 4711
0%
30.Kone
0%
32.Kool-Aid
0%
31.Korean Air
0%
33.Kraft Foods
0%
35.Krispy Kreme
0%
34.Kroger
0%
36.Krug
0%
5.K-Swiss
0%
37.Kyocera
0%

Distribuição das Pontuações

Percentil de Números Respondidos

Porcentagem de Pessoas com Cada Pontuação

Sua Pontuação Histórica

Você não jogou esse quiz